[Event "Le Speedy Dragon"]
[Site "SchemingMind.com"]
[Date "2010.04.01"]
[Round "-"]
[White "troglodit"]
[Black "jtrochez1"]
[Result "1-0"]
[WhiteCountry "SEY"]
[BlackCountry "HON"]
[WhiteElo "1773"]
[WhiteRD "136"]
[BlackElo "1603"]
[BlackRD "47"]
[GameID "243894"]

1. e4 c5 2. Nf3 Nc6 3. d4 cxd4 4. Nxd4 g6 5. c4 e5 6. Nf3 d6 7. Nc3 Nge7 8. Be3 a6 9. Qd2 Bg7 10. Be2 O-O
11. O-O Kh8 12. Rfd1 Be6 13. Qxd6 Qxd6 14. Rxd6 Rfd8 15. Rad1 Rxd6 16. Rxd6 Rd8 17. Rxd8+ Nxd8 18. Ng5 Bd7 19. Nd5 Nxd5 20. exd5 f6
21. Bb6 fxg5 22. Bxd8 g4 23. Bg5 h6 24. Be3 h5 25. b4 e4 26. Bd1 Kg8 27. Bd2 Kf7 28. Kf1 Ke8 29. Bc2 Bf5 30. Ke2 Kd7
31. Ke3 Bh6+ 32. Ke2 Bxd2 33. Kxd2 b6 34. Ke3 Kd6 35. Bxe4 h4 36. Bxf5 gxf5 37. Kf4 a5 38. a3 axb4 39. axb4 b5 40. c5+ Kxd5
41. Kxf5 g3 42. hxg3 hxg3 43. fxg3 Kc6 44. g4
1-0